Italian Surnames - Sudden Death (E) - Statistics

General Stats
  • This quiz has been taken 22 times
  • The average score is 3 of 15
Answers on the Grid
Answers color-coded by a green-red scale on the quiz's grid according to % correct below.
Emili
Elisa
Enrico
Elia
Eco
Edgardi
Eduardo
Ezza
Erba
Eugeni
Ettorre
Eva
Evaristo
Evangelista
Esposito
Edo
Eto
Emilian
Enri
E
Egonu
Esso
Edogawa
Ezzeddine
Engels
English
Enriquez
Evan
Espinoza
Emmanuel
 
Answer Stats
Answer % Correct
Esposito
53%
Evangelista
40%
Eco
20%
Edgardi
20%
Enrico
20%
Ettorre
20%
Eva
20%
Evaristo
20%
Ezza
20%
Eduardo
13%
Elisa
13%
Emili
13%
Erba
13%
Eugeni
13%
Elia
7%
No matching quizzes found
Score Distribution
Percent of People with Each Score
Percentile by Number Answered
Your Score History
You have not taken this quiz